<?xml version="1.0" encoding="UTF-8"?>
<record
    xmlns:xsi="http://www.w3.org/2001/XMLSchema-instance"
    xsi:schemaLocation="http://www.loc.gov/MARC21/slim http://www.loc.gov/standards/marcxml/schema/MARC21slim.xsd"
    xmlns="http://www.loc.gov/MARC21/slim">

  <leader>00404nam a22001697a 4500</leader>
  <controlfield tag="003">OSt</controlfield>
  <controlfield tag="008">260122b        |||||||| |||| 00| 0 eng d</controlfield>
  <datafield tag="020" ind1=" " ind2=" ">
    <subfield code="a">9789686148</subfield>
  </datafield>
  <datafield tag="082" ind1=" " ind2=" ">
    <subfield code="a">615.19 BOT</subfield>
  </datafield>
  <datafield tag="100" ind1=" " ind2=" ">
    <subfield code="a">Bothara, K.G</subfield>
  </datafield>
  <datafield tag="245" ind1=" " ind2=" ">
    <subfield code="a">Text book of Medicinal Chemistry-III</subfield>
  </datafield>
  <datafield tag="250" ind1=" " ind2=" ">
    <subfield code="a">7th</subfield>
  </datafield>
  <datafield tag="260" ind1=" " ind2=" ">
    <subfield code="a">N.Delhi</subfield>
    <subfield code="b">Nirali</subfield>
    <subfield code="c">2024</subfield>
  </datafield>
  <datafield tag="300" ind1=" " ind2=" ">
    <subfield code="a">13.48,1.4</subfield>
  </datafield>
  <datafield tag="650" ind1=" " ind2=" ">
    <subfield code="a">Medicinal Chemistry</subfield>
  </datafield>
  <datafield tag="942" ind1=" " ind2=" ">
    <subfield code="2">ddc</subfield>
    <subfield code="c">BK</subfield>
  </datafield>
  <datafield tag="999" ind1=" " ind2=" ">
    <subfield code="c">13794</subfield>
    <subfield code="d">13794</subfield>
  </datafield>
  <datafield tag="952" ind1=" " ind2=" ">
    <subfield code="0">0</subfield>
    <subfield code="1">0</subfield>
    <subfield code="2">ddc</subfield>
    <subfield code="4">0</subfield>
    <subfield code="7">0</subfield>
    <subfield code="8">BP</subfield>
    <subfield code="a">PIET</subfield>
    <subfield code="b">PIET</subfield>
    <subfield code="d">2026-01-08</subfield>
    <subfield code="e">Zafaa Books Distributres</subfield>
    <subfield code="f">Indian Rup</subfield>
    <subfield code="g">280.00</subfield>
    <subfield code="k">ZBD0374</subfield>
    <subfield code="l">0</subfield>
    <subfield code="o">615.19 BOT</subfield>
    <subfield code="p">BP2886</subfield>
    <subfield code="r">2026-01-22 00:00:00</subfield>
    <subfield code="v">210.00</subfield>
    <subfield code="w">2026-01-04</subfield>
    <subfield code="y">REF</subfield>
  </datafield>
  <datafield tag="952" ind1=" " ind2=" ">
    <subfield code="0">0</subfield>
    <subfield code="1">0</subfield>
    <subfield code="2">ddc</subfield>
    <subfield code="4">0</subfield>
    <subfield code="7">0</subfield>
    <subfield code="8">BP</subfield>
    <subfield code="a">PIET</subfield>
    <subfield code="b">PIET</subfield>
    <subfield code="d">2026-01-08</subfield>
    <subfield code="e">Zafaa Books Distributres</subfield>
    <subfield code="f">Indian Rup</subfield>
    <subfield code="g">280.00</subfield>
    <subfield code="k">ZBD0374</subfield>
    <subfield code="l">0</subfield>
    <subfield code="o">615.19 BOT</subfield>
    <subfield code="p">BP2887</subfield>
    <subfield code="r">2026-01-22 00:00:00</subfield>
    <subfield code="v">210.00</subfield>
    <subfield code="w">2026-01-04</subfield>
    <subfield code="y">BK</subfield>
  </datafield>
  <datafield tag="952" ind1=" " ind2=" ">
    <subfield code="0">0</subfield>
    <subfield code="1">0</subfield>
    <subfield code="2">ddc</subfield>
    <subfield code="4">0</subfield>
    <subfield code="7">0</subfield>
    <subfield code="8">BP</subfield>
    <subfield code="a">PIET</subfield>
    <subfield code="b">PIET</subfield>
    <subfield code="d">2026-01-08</subfield>
    <subfield code="e">Zafaa Books Distributres</subfield>
    <subfield code="f">Indian Rup</subfield>
    <subfield code="g">280.00</subfield>
    <subfield code="k">ZBD0374</subfield>
    <subfield code="l">0</subfield>
    <subfield code="o">615.19 BOT</subfield>
    <subfield code="p">BP2888</subfield>
    <subfield code="r">2026-01-22 00:00:00</subfield>
    <subfield code="v">210.00</subfield>
    <subfield code="w">2026-01-04</subfield>
    <subfield code="y">BK</subfield>
  </datafield>
  <datafield tag="952" ind1=" " ind2=" ">
    <subfield code="0">0</subfield>
    <subfield code="1">0</subfield>
    <subfield code="2">ddc</subfield>
    <subfield code="4">0</subfield>
    <subfield code="7">0</subfield>
    <subfield code="8">BP</subfield>
    <subfield code="a">PIET</subfield>
    <subfield code="b">PIET</subfield>
    <subfield code="d">2026-01-08</subfield>
    <subfield code="e">Zafaa Books Distributres</subfield>
    <subfield code="f">Indian Rup</subfield>
    <subfield code="g">280.00</subfield>
    <subfield code="k">ZBD0374</subfield>
    <subfield code="l">0</subfield>
    <subfield code="o">615.19 BOT</subfield>
    <subfield code="p">BP2889</subfield>
    <subfield code="r">2026-01-22 00:00:00</subfield>
    <subfield code="v">210.00</subfield>
    <subfield code="w">2026-01-04</subfield>
    <subfield code="y">BK</subfield>
  </datafield>
  <datafield tag="952" ind1=" " ind2=" ">
    <subfield code="0">0</subfield>
    <subfield code="1">0</subfield>
    <subfield code="2">ddc</subfield>
    <subfield code="4">0</subfield>
    <subfield code="7">0</subfield>
    <subfield code="8">BP</subfield>
    <subfield code="a">PIET</subfield>
    <subfield code="b">PIET</subfield>
    <subfield code="d">2026-01-08</subfield>
    <subfield code="e">Zafaa Books Distributres</subfield>
    <subfield code="f">Indian Rup</subfield>
    <subfield code="g">280.00</subfield>
    <subfield code="k">ZBD0374</subfield>
    <subfield code="l">0</subfield>
    <subfield code="o">615.19 BOT</subfield>
    <subfield code="p">BP2890</subfield>
    <subfield code="r">2026-01-22 00:00:00</subfield>
    <subfield code="v">210.00</subfield>
    <subfield code="w">2026-01-04</subfield>
    <subfield code="y">BK</subfield>
  </datafield>
</record>
